Top 5 Songs On Silk Sonic (Silk Sonic, Bruno Mars, Anderson .Paak) - Statistics

General Stats
  • This quiz has been taken 118 times
  • The average score is 4 of 5
Answer Stats
Hint Answer % Correct
1,057,129,442 Leave The Door Open
97%
190,650,267 Skate
92%
355,334,856 Smokin Out The Window
79%
124,679,264 After Last Night(with Thundercat & Boosty Collins)
76%
65,835,198 Fly As Me
71%
No matching quizzes found
Score Distribution
Percent of People with Each Score
Percentile by Number Answered
Your Score History
You have not taken this quiz